000 00629nam a22001817a 4500
005 20251108164817.0
008 250721s1994 xx 000 0 ara d
082 1 4 _a616.120754/جول
100 1 _aالبرازي، وائل عبد المحسن
_eترجمه
245 1 0 _aالأسس السريرية لتخطيط كهربائية القلب /
264 1 _aدمشق :
_bدار المعاجم للطباعه و النشر و التوزيع،
_c1994.
300 _a481ص
650 1 7 _aالقلب
650 1 7 _aأمراض القلب
650 1 7 _aتخطيط القلب الكهربائي
942 _2ddc
_cBK
999 _c14934
_d14934